[Event "FIDE WCC 2018"]
[Site "Khanty-Mansiysk"]
[Date "2018.11.04"]
[Round "1.2"]
[White "Kosteniuk, Alexandra"]
[Black "Vazquez Maccarini, Danitza"]
[Result "1-0"]
[WhiteElo "2543"]
[BlackElo "2065"]
[Annotator "TA"]
[PlyCount "69"]
[EventDate "2018.11.03"]
[EventType "k.o."]
[EventCountry "RUS"]
[SourceTitle "playchess.com"]
[Source "ChessBase"]
[SourceQuality "1"]

{[%evp 20,69,14,-4,24,22,23,20,17,23,20,0,0,0,47,39,193,174,112,124,267,137,315,312,727,725,711,707,698,670,789,560,596,593,593,588,593,593,593,570,758,728,733,706,872,879,29963,29949,29992,29993,29993,29994]} 1. e4 e5 2. Nf3 Nc6 3. Bb5 Bc5 4. O-O Nd4 5. Nxd4 Bxd4 6. c3 Bb6 7. d4 c6 8. Bc4 d6 9. Qb3 Qe7 {C64: Ruy Lopez: Classical Defence (3...Bc5) except 4 0-0 Nf6} 10. Be3 Nf6 11. dxe5 {LiveBook: 3 Games} dxe5 {The position is equal.} (11... Nxe4 12. Bxb6 axb6 13. Qxb6 Qxe5 14. Re1 O-O 15. Qe3 Re8 16. Nd2 Bf5 17. g4 Nxd2 18. Qxd2 {0-1 (38) Perez Candelario,M (2537)-Adams,M (2726) Merida 2008}) 12. Bxb6 axb6 13. Qxb6 Nxe4 14. Re1 Bf5 $146 ({Predecessor:} 14... Nc5 15. b4 Nd7 16. Qc7 O-O 17. Nd2 {½-½ (30) Loos,R (2323)-Fedorovsky,M (2329) Munich 2005}) 15. Qe3 f6 16. Na3 Nc5 17. f4 {[%cal Rf4e5]} Be4 $2 ({Black should play} 17... Nd7 $14) 18. fxe5 $18 f5 19. Rad1 Qxe5 {[#]} (19... h5 $16) 20. Nc2 ({Only move:} 20. Nb5 $1 $18 {[%cal Rb5d6][%mdl 512] Black must now prevent Nd6+.} Kf8 (20... cxb5 21. Rd5) 21. Nd4) 20... b5 $2 (20... Rf8 $16) 21. Nb4 {aiming for Nxc6!} ({Weaker is} 21. Bd5 cxd5 22. Qxc5 Kf7 $16) 21... Rc8 $2 {[#]} (21... bxc4 22. Nxc6 f4) 22. Nxc6 $1 {[%mdl 512]} Rxc6 23. Bxb5 O-O 24. Bxc6 Rc8 25. Rd5 Qf6 26. Rxc5 {Intending Bd5+ and mate.} Rxc6 27. Rxc6 Qxc6 {[%mdl 4096] Endgame KQR-KQB} 28. Rd1 h6 29. Qg3 Qa4 30. Rd8+ Kh7 31. h4 {[%cal Bh2h4,Bh4g5][%mdl 32]} Qb5 32. Rd6 {Threatening mate with Qg6+.} g5 33. hxg5 {White mates.} h5 34. Rh6+ Kg8 35. Qd6 {Precision: White = 76%, Black = 21%.} 1-0

[Event "FIDE WCC 2018"]
[Site "Khanty-Mansiysk"]
[Date "2018.11.04"]
[Round "1.2"]
[White "Dzagnidze, Nana"]
[Black "Miranda Llanes, Yerisbel"]
[Result "1-0"]
[WhiteElo "2516"]
[BlackElo "2267"]
[Annotator "TA"]
[PlyCount "87"]
[EventDate "2018.11.03"]
[EventType "k.o."]
[EventCountry "RUS"]
[SourceTitle "playchess.com"]
[Source "ChessBase"]
[SourceQuality "1"]

{[%evp 20,87,35,36,50,32,67,61,74,58,56,57,55,41,53,43,40,25,41,32,86,72,77,76,133,91,104,101,207,171,197,190,185,156,161,143,186,170,416,415,491,484,483,485,479,470,550,522,515,518,1848,1829,1781,1683,1485,1433,6520,6099,29976,29977,29977,29978,29978,29979,29980,29981,29980,29981,29971,0]} 1. d4 Nf6 2. c4 e6 3. Nc3 Bb4 4. Qc2 O-O 5. a3 Bxc3+ 6. Qxc3 Ne4 7. Qc2 f5 8. g3 b6 9. Bg2 Bb7 10. Nf3 Nc6 11. O-O {LiveBook: 3 Games} a5 {E32: Nimzo-Indian: Classical (4 Qc2): 4...0-0} 12. b3 d6 13. Bb2 Qe7 {[#] White is slightly better.} 14. Rad1 $146 ({Predecessor:} 14. Rac1 e5 15. d5 Nb8 16. Nh4 g6 17. Bxe4 fxe4 18. Qxe4 Nd7 19. f4 {1-0 (36) Ipatov,A (2562)-Solberg,J (2226) Rethymno 2011}) 14... Rae8 15. Nd2 d5 16. Nxe4 dxe4 17. f3 e5 18. d5 exf3 19. exf3 Nb8 ({Black should try} 19... Nd4 $14 20. Qd3 f4) 20. Qc3 $36 {[%mdl 2048] Black is under strong pressure.} Nd7 21. Rfe1 c6 (21... Rf7 $142) 22. b4 cxd5 23. cxd5 Ba6 (23... axb4 $16 24. Qxb4 Qf7) 24. bxa5 Qc5+ 25. Qxc5 bxc5 26. Bf1 Bxf1 27. Kxf1 ({Much less strong is} 27. Rxf1 Rb8 $14) 27... e4 28. Bc3 f4 $2 (28... Nf6 29. d6 Nd7) 29. Rxe4 $18 fxg3 {[#] White must now prevent ...Rxe4.} 30. Rxe8 Rxe8 31. hxg3 {[%mdl 4096] Endgame KRB-KRN} Re3 32. Rc1 Rxf3+ 33. Kg2 Rf8 34. Rb1 Rb8 (34... Kf7 $142 35. Rb7 Ke7) 35. Rxb8+ Nxb8 {KB-KN} 36. Kf3 Kf7 37. Ke4 g6 38. Be5 Nd7 39. a6 {[%cal Ba5a6,Ba6a7][%mdl 32] White mates.} Nb6 40. a7 Ke7 41. a4 {[%cal Ba3a4,Ba4a5][%mdl 32]} Kd7 42. a5 Na8 43. Kd3 Kc8 44. Ke4 $2 {[%mdl 32768] Precision: White = 75%, Black = 24%. . Sensor Board Error (Ke4/e5)?} (44. Kc4 {mates} h6 45. Kxc5 Kd7 46. g4 g5 47. Bg7 Kc8 48. d6 Kd7 49. Bxh6) 1-0

[Event "FIDE WCC 2018"]
[Site "Khanty-Mansiysk"]
[Date "2018.11.04"]
[Round "1.2"]
[White "Gunina, Valentina"]
[Black "Aliaga Fernandez, Ingrid Y"]
[Result "1/2-1/2"]
[WhiteElo "2497"]
[BlackElo "2194"]
[Annotator "TA"]
[PlyCount "61"]
[EventDate "2018.11.03"]
[EventType "k.o."]
[EventCountry "RUS"]
[SourceTitle "playchess.com"]
[Source "ChessBase"]
[SourceQuality "1"]

{[%evp 24,61,2,12,11,0,29,18,44,25,26,27,16,18,30,30,51,35,51,51,54,45,43,43,46,43,55,48,48,53,50,50,50,50,51,39,39,19,45,0]} 1. d4 Nf6 2. c4 e6 3. Nf3 d5 4. g3 Be7 5. Bg2 O-O 6. O-O dxc4 7. Ne5 Nc6 8. Bxc6 bxc6 9. Nxc6 Qe8 10. Nxe7+ Qxe7 11. Qc2 {E05: Open Catalan: 5 Nf3 Be7} c5 12. dxc5 (12. Qxc4 cxd4 13. Qxd4 e5 14. Qh4 h6 15. Nc3 Bb7 16. Be3 Qe6 17. Qa4 Bc6 18. Qa6 Rfc8 19. f3 Rab8 20. Rab1 Nd5 21. Nxd5 Bxd5 22. Qxe6 Bxe6 {½-½ (30) Wang,Y (2679)-Wang,H (2710) Hangzhou 2018}) 12... Qxc5 13. Be3 {LiveBook: 3 Games. The position is equal.} Qc6 14. f3 $146 ({Predecessor:} 14. Na3 Bb7 15. f3 Nd5 16. Bf2 Rfc8 17. Rac1 Nb4 18. Qxc4 Qxc4 19. Rxc4 Rxc4 20. Nxc4 Nxa2 {1-0 (56) Mischuk,D (2361)-Frolov,I (2365) Cheliabinsk 2016}) 14... Ba6 15. Nc3 Bb7 16. Qa4 Nd5 17. Qxc6 Bxc6 18. Nxd5 Bxd5 19. Rfd1 a6 20. Bd4 Rac8 21. Bc3 Rfd8 22. Rd2 Bc6 23. Rad1 Rxd2 24. Rxd2 $14 {[%mdl 4096] Endgame KRB-KRB} Kf8 25. Kf2 f6 26. e4 Ke7 27. Bb4+ Kf7 28. Ke3 Rc7 29. Rd8 e5 30. f4 Rd7 31. Rxd7+ {Precision: White = 58%, Black = 52%.} 1/2-1/2

[Event "FIDE WCC 2018"]
[Site "Khanty-Mansiysk"]
[Date "2018.11.04"]
[Round "1.2"]
[White "Stefanova, Antoaneta"]
[Black "Foisor, Sabina-Francesca"]
[Result "1/2-1/2"]
[WhiteElo "2490"]
[BlackElo "2264"]
[Annotator "TA"]
[PlyCount "101"]
[EventDate "2018.11.03"]
[EventType "k.o."]
[EventCountry "RUS"]
[SourceTitle "playchess.com"]
[Source "ChessBase"]
[SourceQuality "1"]

{[%evp 16,101,6,8,18,0,2,0,-6,-15,0,-26,-13,0,10,0,0,0,43,16,19,8,12,14,16,12,20,12,59,-4,30,30,31,30,38,35,47,23,31,20,30,17,46,60,62,58,272,18,18,16,17,23,19,28,17,25,24,22,40,18,18,8,8,8,8,8,8,8,6,0,5,0,7,5,8,8,8,7,28,8,8,0,0,0,8,0,0,0]} 1. Nf3 Nf6 2. g3 d5 3. Bg2 Bf5 4. O-O c6 5. d3 h6 6. Nbd2 e6 7. Qe1 Be7 8. e4 Bh7 9. Qe2 {LiveBook: 168 Games} Na6 {[%cal Bb8a6,Ba6b4,Bb4c6,Bc6d4][%mdl 32] A07: Réti Opening: New York and Capablanca Systems} (9... O-O 10. Re1 a5 11. a4 Na6 12. Nb3 dxe4 13. dxe4 Bxe4 14. Be3 Nb4 15. Red1 Qc8 16. c3 Nc2 17. Rac1 Nxe3 18. Qxe3 Qc7 {0-1 (39) Hasangatin,R (2505)-Alekseev,E (2636) Sochi 2016}) 10. Kh1 O-O 11. Ne1 c5 $146 ({Predecessor:} 11... dxe4 12. Nxe4 Nc5 13. f3 Re8 14. Be3 Ncd7 15. c4 Qc7 16. f4 Rad8 17. Rc1 c5 {0-1 (63) Habibi,A (2294)-Schmider,B (2168) Germany 2010}) 12. f4 Nb4 13. g4 {[%cal Bg3g4,Bg4g5][%mdl 32]} Kh8 14. g5 Ng8 15. a3 Nc6 16. exd5 Nd4 17. Qh5 {White wants to play c3.} Bg6 18. Qh4 exd5 19. Ndf3 Nf5 20. Qg4 h5 21. Qh3 f6 22. Bd2 ({White should play} 22. gxf6 $14 gxf6 23. Nh4 Nxh4 24. f5 Nxf5 25. Rxf5 Bxf5 26. Qxf5) 22... Qb6 23. b3 Rae8 24. Ng1 fxg5 25. fxg5 Qe6 26. Nef3 {Hoping for Rae1.} Bd6 27. Rae1 Qc8 $1 28. Rxe8 Bxe8 29. Nh4 Nge7 {[#]} 30. g6 $1 {[%mdl 512]} Kg8 $2 {[#]} ({Black should try} 30... Bc6 $14) (30... Nxg6 31. Nxf5) 31. Nxf5 $2 ({White must play} 31. Bg5 $1 $18 Bc6 32. Nxf5 Nxf5 33. Qxh5) 31... Rxf5 $11 32. Rxf5 Qxf5 33. Qxf5 Nxf5 34. Bxd5+ Kf8 35. Ne2 b6 36. Nf4 Ke7 37. Nxh5 {aiming for Be4.} Bxg6 38. Nf4 Bxf4 39. Bxf4 {[%mdl 4096] Endgame With the idea Be4. KBB-KBN} Nd4 $1 40. c3 Nb5 41. Be5 Nxa3 42. Bxg7 Bxd3 43. h4 {[%cal Bh2h4,Bh4h5,Bh5h6][%mdl 32]} c4 44. b4 a5 45. bxa5 bxa5 {...a4 is the strong threat.} 46. h5 Bh7 47. h6 Kd6 {The position is equal.} 48. Bf7 {Black must now prevent Bf8+.} Ke7 $1 {[%cal Re7f7]} 49. Bd5 Kd6 50. Bf7 {Threatens to win with Bf8+.} Ke7 $1 {[%cal Re7f7]} 51. Bd5 {Precision: White = 48%, Black = 56%.} 1/2-1/2

[Event "FIDE WCC 2018"]
[Site "Khanty-Mansiysk"]
[Date "2018.11.04"]
[Round "1.2"]
[White "Girya, Olga"]
[Black "Zhai, Mo"]
[Result "0-1"]
[WhiteElo "2481"]
[BlackElo "2352"]
[Annotator "TA"]
[PlyCount "76"]
[EventDate "2018.11.03"]
[EventType "k.o."]
[EventCountry "RUS"]
[SourceTitle "playchess.com"]
[Source "ChessBase"]
[SourceQuality "1"]

{[%evp 22,76,43,19,89,0,-9,-5,2,0,0,0,6,10,22,0,0,0,0,0,0,4,0,-35,6,-23,-28,-28,-27,-81,-77,-70,0,-32,-4,-107,-26,-78,-35,-41,0,0,0,-4,-5,-5,13,-62,0,-96,-10,-60,-64,-907,-879,-881,-875]} 1. d4 Nf6 2. c4 g6 3. Nc3 d5 4. cxd5 Nxd5 5. e4 Nxc3 6. bxc3 c5 7. Bc4 Bg7 8. Ne2 O-O 9. O-O Nc6 {[%cal Bb8c6,Bc6e5,Be5d3][%mdl 32]} 10. Be3 Qc7 11. Rc1 Rd8 12. Qa4 {LiveBook: 23 Games} b6 {D87: Exchange Grünfeld: Classical Line: Variations without ...cxd4} (12... Bd7 $11) 13. dxc5 $146 ({Better is} 13. Bf4 $1 $16 {[%cal Rf4c7]} e5 14. Bg5) ({Predecessor:} 13. h3 Na5 14. Bd3 e6 15. f4 Bb7 16. g4 f5 17. Ng3 Re8 18. dxc5 bxc5 19. Rb1 Rad8 20. Bb5 {0-1 (33) Serikbayev,Y (2299)-Khusnutdinov,R (2527) Astana 2010}) 13... Ne5 $11 14. Bd5 Bb7 {The position is equal.} (14... Rb8 {seems wilder.} 15. cxb6 axb6 16. Rcd1 e6 17. Bb3 Bd7) 15. Bxb7 Qxb7 16. Rb1 Qc8 17. h3 bxc5 18. Rb5 Nd3 19. Rfb1 Qc6 20. Qc4 Ne5 21. Qxc5 Qxe4 22. Rb7 Qc2 23. Nd4 Qxa2 24. Qxe7 Re8 25. Qd6 (25. Qh4 $11) 25... Bf8 $17 26. Qf6 Bg7 (26... a5 $1 $15) 27. Qh4 (27. Qd6 {is interesting.}) 27... Qc4 28. Qg3 (28. Bh6 $11) 28... a6 ({Black should try} 28... a5 $1 $17 {And now ...a4 would win.} 29. Bf4 a4) 29. Bf4 (29. Nf3 $11) 29... Rac8 30. Ra7 Qxc3 31. Qxc3 Rxc3 32. Rbb7 Rc4 $36 {[%mdl 2048] Black is pushing.} 33. Be3 Rd8 {[#]} 34. Ne2 (34. Ne6 $1 $11 {[%mdl 512]} Rdc8 (34... fxe6 35. Rxg7+) 35. Nxg7) 34... Rcc8 (34... Ra4 $1 $15) 35. Bg5 (35. Rxa6 $11 {keeps the balance.} Nc4 36. Bf4) 35... Re8 (35... Rd1+ $17 36. Kh2 Ra1) 36. Nd4 Ra8 37. f4 $2 {[%mdl 8192]} (37. Bf4 $15) 37... Rxa7 $19 38. Rxa7 {[#]} Ng4 $1 {[%mdl 512] Precision: White = 19%, Black = 44%.} 0-1

[Event "FIDE WCC 2018"]
[Site "Khanty-Mansiysk"]
[Date "2018.11.04"]
[Round "1.2"]
[White "Javakhishvili, Lela"]
[Black "Zhu, Jiner"]
[Result "0-1"]
[WhiteElo "2477"]
[BlackElo "2379"]
[Annotator "TA"]
[PlyCount "132"]
[EventDate "2018.11.03"]
[EventType "k.o."]
[EventCountry "RUS"]
[SourceTitle "playchess.com"]
[Source "ChessBase"]
[SourceQuality "1"]

{[%evp 10,132,53,50,62,51,51,50,40,41,46,55,56,14,47,30,49,29,52,21,44,43,37,44,44,34,31,29,28,33,36,22,49,21,28,28,28,38,114,37,118,82,77,33,43,43,51,0,0,0,0,0,0,0,0,0,86,20,48,-15,-19,-44,0,0,0,0,0,-316,-311,-273,-312,-306,-312,-310,-301,-348,-350,-406,0,-245,0,-405,-413,-417,-422,-418,-416,-436,-431,-429,-406,-366,-372,-490,-513,-629,-610,-549,-462,-376,-277,-284,-229,-186,-179,-179,-175,-321,-310,-509,-494,-638,-646,-870,-658,-966,-970,-1447,-1410,-1360,-1291,-1418,-1335,-1362,-1347]} 1. d4 f5 2. Bg5 Nf6 3. Bxf6 exf6 4. e3 d5 5. c4 Be6 (5... c6 6. Nc3 Be6 7. cxd5 Bxd5 8. a3 Bf7 9. Nf3 Be7 10. Bd3 g6 11. h4 h5 12. Qc2 Nd7 13. O-O-O Qb6 {1-0 (60) Nisipeanu,L (2686)-Potapov,P (2482) Pardubice 2014}) 6. Nc3 {LiveBook: 5 Partien. A80: Holländische Verteidigung} Bb4 7. Qb3 Nc6 8. c5 $146 {[#]Weiß steht etwas besser.} ({Vorgänger:} 8. a3 dxc4 9. Bxc4 Bxc4 10. Qxc4 Bxc3+ 11. bxc3 Qd6 12. Ne2 O-O-O 13. O-O Qd5 14. Qa4 {½-½ (41) Gombac,J (2254)-Kaps,D (2221) Slovenia 2013}) 8... f4 $1 {[%mdl 512]} 9. Bb5 (9. exf4 Nxd4) 9... Bxc3+ 10. Qxc3 fxe3 11. Qxe3 (11. Bxc6+ $5 bxc6 12. Qxe3 $11) 11... Qe7 (11... Qd7 {is more complex.} 12. Ne2 O-O 13. O-O a6 14. Bxc6 Qxc6 15. Qd2 Bf7) 12. Ne2 Bg4 13. Qxe7+ Kxe7 14. f3 Bf5 15. Kd2 Kf7 16. h4 h5 17. Rae1 Ne7 18. Ng3 {Schwarz muss nun Txe7+! beachten.} g6 19. Re3 {The1 ist eine echte Drohung.} c6 20. Be2 b5 21. a4 bxa4 22. Ra3 Rab8 23. Kc3 Rhe8 (23... a5 $14) 24. Bd1 (24. Rxa4 $16 Nc8 25. Bd1) 24... Nc8 ({Besser ist} 24... a5 $14) 25. Nxf5 (25. Bxa4 $6 Re3+ 26. Kd2 Rxa3 $11) 25... gxf5 26. Rxa4 (26. f4 $5 {[%cal Rd1h5]} Kg6 27. Rh3 $16 (27. Rxa4 Re3+ 28. Kc2 a5 $14)) 26... f4 27. b3 Rb7 28. Ra6 ({Günstiger ist} 28. Rg1 $14) 28... Re3+ $11 29. Kd2 Rb4 30. Ra4 Rxa4 31. bxa4 {[%mdl 4096] Endspiel KTL-KTS} Ne7 {Droht ...Sf5 und aus.} 32. Bc2 Ng6 (32... Ke6 $11 {bleibt in der Remisbreite.}) 33. Bd3 (33. g4 $1 $16) 33... a5 34. Bc2 (34. g4 $14) 34... Ra3 35. Ke2 Ra2 36. Kd3 {Droht stark Kc3.} Rb2 37. Kc3 Rb4 38. Rh3 $2 {[%mdl 8192]} (38. Bxg6+ $11 {und Weiss ist OK.} Kxg6 39. Ra1) 38... Ne7 39. g4 {[#]} fxg3 $1 40. Bd3 Rxa4 (40... g2 41. Rg3 $19) 41. Rxg3 Ra3+ 42. Kd2 Ra2+ 43. Ke3 Ra3 44. Kd2 Ra2+ $2 (44... Ra1 45. Rg2 a4) 45. Ke3 $1 $19 a4 {[%cal Ba5a4,Ba4a3,Ba3a2][%mdl 32]} 46. Rg1 a3 47. Rc1 Rh2 48. Rc3 a2 49. Ra3 Ke6 50. Ra8 f5 {[%cal Bf6f5,Bf5f4][%mdl 32]} ({Nicht} 50... Rxh4 51. Rxa2 Rh1 52. Re2 $17) 51. Ra6 Rxh4 52. Bc2 f4+ 53. Kd3 Rh1 54. Rxa2 Re1 55. Kc3 {Wenn Weiss jetzt Zeit für Ld3 hätte...} Nf5 56. Ra6 Re3+ 57. Bd3 Ne7 {zielt auf ...h4 ab.} ({Keinesfalls} 57... Rxf3 58. Rxc6+ Kf7 59. Rc8 $15) 58. Ra1 {[#]} (58. Ra8 {ist eine bessere Verteidigung.}) 58... h4 $1 {[%cal Bh5h4,Bh4h3][%mdl 32]} ({Weniger gut wäre} 58... Rxf3 59. Rh1 $17) 59. Ra8 $2 (59. Kd2 {war die einzige Verteidigung.}) 59... Rxf3 {Schwarz steht klar auf Gewinn.} 60. Rh8 Nf5 61. Re8+ Kd7 62. Rf8 Ng3 63. Rh8 {[#]} h3 $1 64. Rh7+ (64. Rxh3 Ne4+) 64... Kd8 65. Kd2 Ne4+ 66. Kc2 Rf2+ {Precision: Weiß = 45%, Schwarz = 62%.} 0-1

[Event "FIDE WCC 2018"]
[Site "Khanty-Mansiysk"]
[Date "2018.11.04"]
[Round "1.2"]
[White "Kashlinskaya, Alina"]
[Black "Tokhirjonova, Gulrukhbegim"]
[Result "1/2-1/2"]
[WhiteElo "2477"]
[BlackElo "2435"]
[Annotator "TA"]
[PlyCount "110"]
[EventDate "2018.11.03"]
[EventType "k.o."]
[EventCountry "RUS"]
[SourceTitle "playchess.com"]
[Source "ChessBase"]
[SourceQuality "1"]

{[%evp 21,110,33,37,29,27,25,32,29,33,18,35,0,28,24,44,24,48,0,12,-4,0,-7,15,16,19,0,1,2,6,9,17,19,13,19,40,37,35,40,41,33,27,39,58,20,33,29,35,27,37,0,0,0,0,0,0,-10,-10,-12,-8,-13,0,-12,0,0,0,-25,0,0,0,0,0,-27,0,-10,0,-66,0,-45,0,-118,-28,-28,-28,-36,0,0,0,-21,0,0,0]} 1. d4 d5 2. c4 dxc4 3. e3 e5 4. Bxc4 exd4 5. exd4 Bd6 6. Nf3 Nf6 7. Qe2+ {D20: Queen's Gambit Accepted: 3 e3 and 3 e4} Qe7 8. Qxe7+ Bxe7 9. Nc3 a6 10. O-O O-O 11. Re1 Bd6 {LiveBook: 16 Games} 12. Bg5 Nbd7 13. Bb3 {[#]} (13. a4 h6 14. Bh4 g5 15. Bg3 Kg7 16. Bb3 Re8 17. Ne5 Re7 {½-½ (17) Li,C (2724)-Alekseenko,K (2625) Qinhuangdao 2018}) 13... h6 $146 ({Predecessor:} 13... b5 14. Nd5 h6 {½-½ (80) Studer,N (2471)-Huschenbeth,N (2601) Austria 2017}) 14. Bh4 b5 15. Nd5 {[%cal Bc3d5,Bd5e7,Be7f5][%mdl 32]} Bb7 16. Ne7+ Kh8 17. Nf5 Bb4 {[%cal Bd6b4,Bb4a5,Ba5b6][%mdl 32]} 18. Rec1 Be4 19. a3 Ba5 20. Ne7 Bb6 21. Nc6 Bd5 22. Bxd5 Nxd5 23. a4 bxa4 24. Rxa4 Rfe8 25. Nfe5 Nf4 26. Rd1 Nxe5 27. dxe5 Ng6 28. Bg3 Ne7 29. Nxe7 Rxe7 30. Kf1 Kh7 31. f4 {[%cal Bf2f4,Bf4f5][%mdl 32]} Ree8 32. f5 Rad8 33. Rxd8 Rxd8 34. Rxa6 $14 {[%mdl 4096] Endgame KRB-KRB} g6 35. f6 g5 36. Ke2 Kg6 37. Ra4 Kf5 38. Rc4 Rd4 39. Rc6 h5 40. h3 $1 Re4+ 41. Kf1 h4 42. Bh2 Kg6 43. Rc2 Ra4 44. g4 hxg3 45. Bxg3 Re4 46. Bh2 Kf5 47. Rc3 Re3 48. Ra3 ({White should try} 48. Rxe3 $11 Bxe3 49. e6 Kxe6 50. Bxc7) 48... Bc5 (48... c6 $15) 49. Ra5 Bb6 {[%mdl 1024] Black has compensation.} 50. Rd5 (50. Ra3 $11 {was the only way to keep the balance.}) 50... Rf3+ (50... Rxh3 $17 51. Rd2 Ke6) 51. Kg2 $11 Rf2+ 52. Kh1 $1 Rf1+ 53. Kg2 {The position is equal.} Rf2+ 54. Kh1 $1 Rf1+ 55. Kg2 Rf2+ {Precision: White = 46%, Black = 50%.} 1/2-1/2

[Event "FIDE WCC 2018"]
[Site "Khanty-Mansiysk"]
[Date "2018.11.04"]
[Round "1.2"]
[White "Khotenashvili, Bela"]
[Black "Vo, Thi Kim Phung"]
[Result "1-0"]
[WhiteElo "2477"]
[BlackElo "2354"]
[Annotator "TA"]
[PlyCount "143"]
[EventDate "2018.11.03"]
[EventType "k.o."]
[EventCountry "RUS"]
[SourceTitle "playchess.com"]
[Source "ChessBase"]
[SourceQuality "1"]

{[%evp 24,143,46,37,59,43,41,12,19,-2,17,6,26,-8,0,-11,14,-6,29,20,16,17,107,88,84,98,232,28,37,4,80,89,63,103,117,63,167,164,173,71,129,107,149,77,121,60,71,76,66,77,66,77,104,102,97,105,118,131,160,160,188,188,187,180,339,339,338,319,316,0,300,293,368,406,426,412,512,495,568,345,322,289,1152,1151,1109,697,930,649,666,522,1113,858,924,756,1250,1069,1062,1090,941,868,997,1005,12839,12839,12840,12840,12841,12841,12840,12841,12845,12843,12845,12846,12846,12846,12847,12847,12848,12848,12849,12849]} 1. d4 Nf6 2. c4 e6 3. Nf3 d5 4. Nc3 Be7 5. Bg5 c6 6. e3 Nbd7 7. cxd5 exd5 8. Qc2 h6 9. Bf4 O-O 10. h3 Re8 11. Bd3 Nf8 12. O-O Be6 13. Bh2 {LiveBook: 3 Games. D36: Queen's Gambit Declined: Exchange Variation: Main line (5 Bg5 c6 6 Qc2)} (13. Rab1 a5 14. Bh2 N8d7 15. Rbd1 Nf8 16. Ne5 N6d7 17. f4 f6 18. Nf3 Nb6 19. g4 Nc8 20. Kh1 Nd6 {1-0 (80) Yilmaz,M (2619)-Goryachkina,A (2491) Batumi 2018}) 13... N6d7 {[#]} 14. Rae1 $146 ({Predecessor:} 14. Rab1 a5 15. a3 b5 16. e4 Qb6 17. exd5 Bxd5 18. Nxd5 cxd5 19. Qb3 Bd6 20. Qxd5 Bxh2+ 21. Kxh2 {1-0 (45) Nikolov,M (2515)-Braeuer,F (2302) Deizisau 2014}) 14... Rc8 15. Nd2 {White is slightly better.} c5 16. f4 f6 17. Nf3 Bf7 18. f5 a6 (18... c4 $5 19. Be2 $8 Bb4 $14) 19. g4 b5 20. Qg2 c4 21. Bc2 b4 22. Na4 Qa5 (22... Nb6 $11) 23. h4 $1 $16 Nh7 24. Bf4 Nb6 {[#]} (24... Bd8 $16) 25. Nxb6 $2 (25. g5 $1 $18) 25... Qxb6 $11 26. Qg3 b3 (26... Bd8 $11 {remains equal.}) 27. axb3 $16 cxb3 28. Bd3 Rc6 {[#]} 29. Re2 (29. Rf2 $1 $16) 29... Bd6 (29... Rec8 $1 $14) 30. Bxd6 $18 Rxd6 31. Rfe1 (31. Ra1 $18 {and White stays clearly on top.}) 31... Rd7 ({Black should play} 31... a5) 32. Rg2 Qd6 33. g5 (33. Nd2 $142) 33... hxg5 34. hxg5 (34. Qh3 $16) 34... Qxg3 35. Rxg3 {And now g6 would win.} Nxg5 36. Nxg5 fxg5 37. Bxa6 {Bb5 is the strong threat.} Ra8 38. Bd3 Ra2 39. Rb1 Rda7 40. Rxg5 Kf8 41. Kf2 Rc7 42. Kf3 Rc6 43. Rg2 Rc7 $2 (43... Rh6 44. Rc1 Ra8) 44. Rh1 Bg8 45. Rh8 Rc6 46. Rh1 $2 (46. e4 $18 {Hoping for e5.} Rh6 47. Rxh6 dxe4+ 48. Kxe4 gxh6 49. d5) 46... Bf7 $2 {[%mdl 8192]} (46... Rc7 $11 47. Rh8 Rc6) 47. Kf4 Ra7 48. Rh8+ Bg8 49. Rg6 Rf6 50. e4 Ra4 51. e5 Rxg6 52. fxg6 {[%mdl 4096] Endgame Black must now prevent e6. KRB-KRB} Ra8 $2 (52... Rxd4+ 53. Ke3 Ra4) 53. Ke3 {White is clearly winning.} Ke7 54. Be2 Rb8 55. Bf3 Rd8 56. Kd3 Kd7 57. Kc3 Kc6 58. Kxb3 Rf8 59. Be2 Rb8+ 60. Kc3 Rc8 61. Bg4 Rf8 62. Kd3 Rf4 63. Rxg8 Rxg4 64. Rxg7 {KR-KR} Rg3+ 65. Ke2 Rg2+ 66. Kf3 Rxb2 67. Rf7 Rb1 68. g7 Rg1 69. Kf2 Rg4 70. e6 Kd6 71. e7 Rg5 72. e8=R {Precision: White = 56%, Black = 22%.} 1-0